000 00592nam a2200193 i 4500
001 69882
003 ES-MaACL
005 20250907063047.0
007 t|
008 040713s1966 sp ||||1| spa d
100 1 _aGarcía López, José,
_d1916-
_954843
245 1 0 _aHistoria de la literatura española /
_cJosé García López.
250 _a10ª ed.
260 _aBarcelona :
_bVicens-Vives,
_c[1966]
300 _a708 p. :
_bil. ;
_c22 cm.
650 4 _aLiteratura española-
_xHistoria y crítica
_914560
852 _aES-MaACL
_jC-30472
_bR.60733
999 _c69882
_d69882